000 00690nam a2200253Ia 4500
003 OSt
005 20220918174705.0
006 a|||||r|||| 00| 0
007 ta
008 220917b |||||||| |||| 00| 0 eng d
024 _a13,670
037 _cTextual
040 _aARTS
_cARTS
_beng
041 _2eng
_aeng
082 _a/\25, G9;M1 (P15)
100 _aSivananda
_950484
245 0 _aUjapan yoga
_b a comprehensive treatise on mantra sastra
250 _a8th
260 _aShivananda
_bNagar Divine Life Society
_c1981
300 _axi,175p.
_ccm.
650 _aSPIRITUALISM
942 _h/\25, G9;M1 (P15)
_cTEXL
_2CC
999 _c154289
_d154289